Learn Japanese hiragana & katakana /

Bibliographic Details
Main Author: Tanaka, George (Author)
Format: Book
Language:English
Japanese
Published: [Place of publication not identified] : Polyscholar, 2025.
Edition:New 2-in-1 double workbook edition
Series:Learn Japanese for beginners
Learn Japanese for beginners
Subjects:
Classic Catalogue: View this record in Classic Catalogue
LEADER 03008nam a22003977a 4500
001 44950
003 BD-DhAAL
005 20251021153742.0
008 251015t20252020ohua|||| |||| 00| 0 eng d
020 |a 9781838291624 
040 |a BD-DhAAL  |c BD-DhAAL 
041 |a eng  |a jpn 
082 |a 495.682421  |2 22 
100 |a Tanaka, George,   |4 author.  |9 59610 
245 |a Learn Japanese hiragana & katakana /  |c George Tanaka. 
246 |a Learn Japanese hiragana and katakana 
250 |a New 2-in-1 double workbook edition 
260 |a [Place of publication not identified] :  |b Polyscholar,   |c 2025. 
300 |a 146 pages :  |b illustrations ;  |c 28 cm 
440 |a Learn Japanese for beginners  |9 59611 
500 |a Introductory Japanese language instruction 
526 |a CSE  |x Annajiat Alim Rasel Senior Lecturer Department of Computer Science and Engineering BRAC University Course Name : Japanese Language and General for ITEE (JPN 101) 
541 |a Trim Education  |e 44950, 44951, 44952, 44953 
546 |a In English and Japanese. 
650 |a Japanese language  |x Writing  |x Hiragana.  |9 59612 
650 |a Japanese language  |x Writing  |x Kana.  |9 59289 
650 |a Japanese language  |x Textbooks for foreign speakers  |x English.  |9 59613 
655 |a Textbooks  |v for English speakers.  |9 59619 
830 |a Learn Japanese for beginners  |9 59611 
852 |a Ayesha Abed Library  |c General Stacks 
942 |2 ddc  |c BK 
999 |c 47438  |d 47438 
952 |0 0  |1 0  |2 ddc  |4 0  |6 495_682421000000000_TAN  |7 0  |9 78362  |a BRACUL  |b BRACUL  |c GEN  |d 2025-10-13  |e Trim Education  |g 3000.00  |l 0  |o 495.682421 TAN  |p 3010044953  |r 2025-10-13  |t 4  |v 3000.00  |w 2025-10-13  |y BK  |x Requisitioned by Annajiat Alim Rasel (Senior Lecturer, Department of Computer Science and Engineering, BRAC University) for the course named - 'Japanese Language and General for ITEE (JPN 101)' 
952 |0 0  |1 0  |2 ddc  |4 0  |6 495_682421000000000_TAN  |7 0  |9 78363  |a BRACUL  |b BRACUL  |c GEN  |d 2025-10-13  |e Trim Education  |g 3000.00  |l 1  |o 495.682421 TAN  |p 3010044952  |r 2026-04-26  |s 2026-04-19  |t 3  |v 3000.00  |w 2025-10-13  |y BK  |x Requisitioned by Annajiat Alim Rasel (Senior Lecturer, Department of Computer Science and Engineering, BRAC University) for the course named - 'Japanese Language and General for ITEE (JPN 101)' 
952 |0 0  |1 0  |2 ddc  |4 0  |6 495_682421000000000_TAN  |7 0  |9 78364  |a BRACUL  |b BRACUL  |c GEN  |d 2025-10-13  |e Trim Education  |g 3000.00  |l 0  |o 495.682421 TAN  |p 3010044951  |r 2025-10-13  |t 2  |v 3000.00  |w 2025-10-13  |y BK  |x Requisitioned by Annajiat Alim Rasel (Senior Lecturer, Department of Computer Science and Engineering, BRAC University) for the course named - 'Japanese Language and General for ITEE (JPN 101)' 
952 |0 0  |1 0  |2 ddc  |4 0  |6 495_682421000000000_TAN  |7 0  |9 78365  |a BRACUL  |b BRACUL  |c NEW  |d 2025-10-13  |e Trim Education  |g 3000.00  |l 1  |m 2  |o 495.682421 TAN  |p 3010044950  |r 2025-11-01  |s 2025-10-20  |t 1  |v 3000.00  |w 2025-10-13  |y BK  |x Requisitioned by Annajiat Alim Rasel (Senior Lecturer, Department of Computer Science and Engineering, BRAC University) for the course named - 'Japanese Language and General for ITEE (JPN 101)'